Historiografický náčrt hospodárenia územnosprávnych celkov v období Rakúsko – Uhorska do konca 1. svetovej vojny, resp. do vzniku prvej Československej republiky.
Analýza historiografického náčrtu hospodárenia územných samospráv v období Rakúsko – Uhorska do konca 1. svetovej vojny, resp. do vzniku prvej Československej republiky. Hospodárenie miest a obcí po stavovských povstaniach a hospodárenie miest a obcí na konci 1. svetovej vojny, resp. na začiatku exi...
Gespeichert in:
| 1. Verfasser: | |
|---|---|
| Format: | Buchkapitel |
| Sprache: | Slowakisch |
| Schlagworte: | |
| Tags: |
Keine Tags, Fügen Sie das erste Tag hinzu!
|
MARC
| LEADER | 00000naa a2200000 4500 | ||
|---|---|---|---|
| 001 | 0250835 | ||
| 005 | 20260205071859.5 | ||
| 041 | 0 | |a slo | |
| 044 | |a SK | ||
| 245 | 1 | 0 | |a Historiografický náčrt hospodárenia územnosprávnych celkov v období Rakúsko – Uhorska do konca 1. svetovej vojny, resp. do vzniku prvej Československej republiky. |c Peter Baláži |
| 520 | |a Analýza historiografického náčrtu hospodárenia územných samospráv v období Rakúsko – Uhorska do konca 1. svetovej vojny, resp. do vzniku prvej Československej republiky. Hospodárenie miest a obcí po stavovských povstaniach a hospodárenie miest a obcí na konci 1. svetovej vojny, resp. na začiatku existencie prvej Československej republiky. | ||
| 610 | 2 | 0 | |a hospodárenie finančné |
| 610 | 2 | 0 | |a samospráva miestna |
| 610 | 2 | 0 | |a Československo |
| 610 | 2 | 0 | |a dejiny |
| 610 | 2 | 0 | |a rozpočet miestny |
| 100 | 1 | |a Baláži, Peter | |